000 00511nam a2200193 a 4500
001 1754899567909
003 ACL
005 20250811133835.0
008 250811s2003##################000#0#eng##
020 _a9780521800860
082 0 4 _a959
_bLIE
100 1 _aLieberman, Victor,
_eauthor.
245 1 0 _aStrange Parallels: Volume 1, Integration on the Mainland :
260 _bCambridge University Press,
_c2003.
300 _a510 pages
650 0 _aHistory.
942 _cENGLISH
040 _aACL
_beng
_cACL
999 _c580067
_d580067